000 01344cab a2200253 4500
001 E85019
008 090401t1997 xxu||||| |||| 00| 0 eng d
035 _a(Sirsi) u79439
041 _aeng
245 _aBritish Telecommunications plc v James Thomson & Sons (Engineers) Ltd
260 _c1997
350 _a0
490 _aScots Law Times
_v1997 SLT 767-782(16)
520 _aSecond Division. 13 December 1996. Contract-building contract-construction-exclusion of liability of contractors to principals - whether contract terms adopted in subcontract-whether subcontractors` liability to principals excluded - whether fair, just and reasonable to impose duty of care-Standard Form of Building Contract (Local Authorities Edition with Quantities)(1980 Edition)m cll20.2, 22C.1 and 22.3.1. Reparation - negligence - duty of care - duty owed by subcontractors to principals - whether duty of care negated by contractual terms - whether fair, just and reasonable to impose duty of care.
650 _aBUILT ENVIRONMENT-BUILDING CONTRACT FORMS
650 _aCONSTRUCTION CLAIMS
650 _aDUTY OF CARE
650 _aNEGLIGENCE
650 _aSTANDARD FORM OF BUILDING CONTRACT LOCAL AUTHORITIES EDITION WITH QUAN
650 _aSUBCONTRACTORS
690 _aBUILDING AND CONSTRUCTION-CASE LAW
942 _n0
948 _c04/07/1997
999 _c49936
_d49936